PHYSICAL CHEMISTRY (Record no. 9241)

MARC details
000 -LEADER
fixed length control field 00544nam a22001697a 4500
003 - CONTROL NUMBER IDENTIFIER
control field SGT
020 ## - INTERNATIONAL STANDARD BOOK NUMBER
International Standard Book Number 9788180450792
082 ## - DEWEY DECIMAL CLASSIFICATION NUMBER
Classification number 541, KHO
100 ## - MAIN ENTRY--PERSONAL NAME
Personal name KHOSLA B.D.
245 ## - TITLE STATEMENT
Title PHYSICAL CHEMISTRY
250 ## - EDITION STATEMENT
Edition statement 16TH
260 ## - PUBLICATION, DISTRIBUTION, ETC. (IMPRINT)
Place of publication, distribution, etc NEW DELHI
Name of publisher, distributor, etc R. CHAND
Year of Publication 2015
300 ## - PAGE DESCRIPTION
No. of Pages 367
650 ## - SUBJECT ADDED ENTRY--TOPICAL TERM
Topical term or geographic name as entry element PHYSICAL CHEMISTRY
653 ## - KEYWORDS--INDEX TERM
Keyword term DETERMINATION OF MOLAR MASSES BY PHYSICAL METHODS, MEASUREMENT OF VISCOSITIES AND SURFACE TENSIONS, MEASUREMENT OF SOLUBILITY, OPTICAL MEASUREMENT, HOMEGENEOUS EQUILIBRIA, COLLOIDAL STATE
942 ## - ADDED ENTRY ELEMENTS (KOHA)
Source of classification or shelving scheme Dewey Decimal Classification
Koha item type FPS Books
942 ## - ADDED ENTRY ELEMENTS (KOHA)
-- 1
Holdings
Withdrawn status Lost status Source of classification or shelving scheme Damaged status Not for loan Home library Current library Shelving location Date acquired Vendor Name Cost, normal purchase price SGTU Bill Number Total Checkouts Full call number Accession No. (Barcode) Date last seen Bill Date Koha item type Date last borrowed
    Dewey Decimal Classification     SGT Science & Social Sciences Library SGT Science & Social Sciences Library Text Book 25/06/2016 KIRTI PRAKAHSAN 215.00 SGTU 2947   541, KHO PS961 25/06/2016 19/09/2015 FPS Books  
    Dewey Decimal Classification     SGT Science & Social Sciences Library SGT Science & Social Sciences Library Text Book 25/06/2016 KIRTI PRAKAHSAN 215.00 SGTU 2947 9 541, KHO PS962 02/07/2025 19/09/2015 FPS Books 20/02/2025